000 00340nam a22001577a 4500
005 20160528104830.0
008 160528b xxu||||| |||| 00| 0 eng d
041 _aeng
082 _b5699
100 _aSherlakor, SA
_91417
245 _aMarketing Management
260 _bHPH
300 _a530
650 _aManagement
_9241
942 _cBK
999 _c2023
_d2022